Statistics for Name the Disaster Quiz 3

Click here to take the quiz!

General Stats

  • This quiz has been taken 7 times
  • The average score is 2 of 8

Answer Stats

HintDisaster% Correct
A solid rain from sleetHail
40%
Ground falls by gravityLandslide
40%
The ground or places could collapseSinkhole
40%
Its like a BlizzardWinter Storm
40%
A _____ with Severe ThunderstormFlash Flood
20%
Happens in Australia like wildfires but hotter months.Bushfires
0%
A rare disaster which erupts deep lake waterLimnic
0%
A space natural Disaster (Happened in 1859)Solar Storm
0%

Score Distribution

Percentile by Number Answered

Percent of People with Each Score

Your Score History

You have not taken this quiz